000 00581nam a22001937a 4500
003 BUBTL
008 210812b xxu||||| |||| 00| 0 eng d
020 _a98484660014
082 _a346.5492013 / R1293n
100 _94125
_a Rahman, Muhammad Mahbubur
245 _a Nari-o-shishu nirjatan daman ain, 2000 /
_cMuhammad Mahbubur Rahman
250 _a2nd edn.
260 _aDhaka :
_bNew Warsi Book Corp,
_cc2011.
300 _axlii, 351 p. :
_c22 cm.
650 0 _926
_aLaw
856 _k0
_l0
_yDownload
942 _2ddc
_cBK
999 _c6510
_d6510